000 00320nam a2200133 i 4500
001 bg
100 1 _aHYBIAK, Władysław
245 0 _aStatus prawny bazy magazynowej /
_cWładysław Hybiak.
260 _aPoznań,
_c1976.
040 _cBPK
041 _apol
942 _cKS
008 s pl f |000 0 pol
999 _c27475
_d27475
856 _uhttp://koha.tu.koszalin.pl/cgi-bin/koha/opac-detail.pl?biblionumber=27475
_yKatalog online BPK